000 00735nam a2200241 a 4500
001 76193
003 BD-RjUL
005 20211209082815.0
008 191111s1966 enka b 00100 eng d
035 _a(BD-RjUL)76414
040 _aACAE
_cACAE
_beng
_dBD-RjUL
041 _aeng
082 _223
_a665.5
_bPET 1966
245 0 4 _aThe Petroleum handbook /
_ccompiled by members of the staff of companies of the Royal Dutch-Shell Group.
250 _a5th ed.
260 _aLondon :
_bShell International Petroleum,
_c1966.
300 _aix, 318 p. :
_bill. ;
_c29 cm.
504 _aIncludes bibliography and index.
650 0 _aPetroleum
_9203913
710 2 _aRoyal Dutch-Shell Group.
_9203914
942 _2ddc
_cBK
999 _c76193
_d76193